A hand book of effective english speaking / (Record no. 38088)

MARC details
000 -LEADER
fixed length control field 00724nam a22002057a 4500
005 - DATE AND TIME OF LATEST TRANSACTION
control field 20100728140745.0
010 ## - LCCN (DPL NO)
LC control number ENG-97224
020 ## - INTERNATIONAL STANDARD BOOK NUMBER
Terms of availability 30.00
035 ## - SYSTEM CONTROL NUMBER
System control number EN-80757
037 ## - SOURCE OF ACQUISITION
Source of stock number/acquisition DBAD/PUB
082 ## - DEWEY DECIMAL CLASSIFICATION NUMBER
Classification number 480
100 ## - MAIN ENTRY--PERSONAL NAME
Personal name Rao, C.V.L. Narasimha
245 ## - TITLE STATEMENT
Title A hand book of effective english speaking /
Statement of responsibility, etc C.V.L. Narasimha Rao [and] C.V. Krishna Mohan
260 ## - PUBLICATION, DISTRIBUTION, ETC. (IMPRINT)
Place of publication, distribution, etc Vijayawada
Name of publisher, distributor, etc Swathi Book House
Date of publication, distribution, etc 2008
270 ## - ADDRESS
Address D.No. 28-22-20,Rahiman Street. Arundel pet.
City Vijayawada
300 ## - PHYSICAL DESCRIPTION
Extent 112p.
Dimensions 22cm.
700 ## - ADDED ENTRY--PERSONAL NAME
Personal name Mohan, C.V. Krishna
9 (RLIN) 2124
942 ## - ADDED ENTRY ELEMENTS (KOHA)
Source of classification or shelving scheme Dewey Decimal Classification
Item type English Books
Call number suffix RAO
Classification part 480
Holdings
Withdrawn status Lost status Not for loan Collection code Home library Current library Date acquired Source of acquisition Cost, normal purchase price Full call number Barcode Copy number Cost, replacement price Koha item type
    Not For Loan Non-fiction D.B.Act.Division D.B.Act.Division 28/07/2010 DBAD/PUB 30.00 480 RAO EN-80757 1 30.00 English Books

© Delhi Public Library
Hit Counter
free hit counter